Obce okresu Sokolov - Statistics

General Stats
  • This quiz has been taken 8 times
  • The average score is 13 of 38
Answer Stats
Počet obyvatel Odpověď % Correct
6 432 Kraslice
100%
22 007 Sokolov
100%
12 609 Chodov
86%
3 050 Loket
86%
2 664 Březová
71%
5 309 Horní Slavkov
71%
4 527 Kynšperk nad Ohří
71%
2 778 Rotava
71%
1 619 Svatava
71%
702 Krásno
57%
1 651 Oloví
57%
4 691 Habartov
43%
344 Rovná
43%
851 Citice
29%
533 Jindřichovice
29%
766 Královské Poříčí
29%
70 Přebuz
29%
406 Bublava
14%
1 479 Bukovany
14%
317 Chlum Svaté Máří
14%
360 Dolní Nivy
14%
1 282 Dolní Rychnov
14%
421 Josefov
14%
416 Kaceřov
14%
1 372 Lomnice
14%
206 Nová Ves
14%
2 527 Nové Sedlo
14%
407 Šabina
14%
296 Šindelová
14%
796 Staré Sedlo
14%
441 Stříbrná
14%
162 Tatrovice
14%
1 235 Vintířov
14%
420 Vřesová
14%
246 Dasnice
0%
911 Krajková
0%
520 Libavské Údolí
0%
269 Těšovice
0%
No matching quizzes found
Score Distribution
Percent of People with Each Score
Percentile by Number Answered
Your Score History
You have not taken this quiz